MATLAB for engineers / (Record no. 23478)
[ view plain ]
| 000 -LEADER | |
|---|---|
| fixed length control field | 00800cam a22002655a 4500 |
| 001 - CONTROL NUMBER | |
| control field | 016744742 |
| 003 - CONTROL NUMBER IDENTIFIER | |
| control field | OSt |
| 005 - DATE AND TIME OF LATEST TRANSACTION | |
| control field | 20201128024044.0 |
| 008 - FIXED-LENGTH DATA ELEMENTS--GENERAL INFORMATION | |
| fixed length control field | 140625t2015 enka fr 001 0 eng d |
| 020 ## - INTERNATIONAL STANDARD BOOK NUMBER | |
| International Standard Book Number | 9781292060538 |
| 020 ## - INTERNATIONAL STANDARD BOOK NUMBER | |
| International Standard Book Number | 1292060530 |
| 040 ## - CATALOGING SOURCE | |
| Original cataloging agency | StDuBDS |
| Language of cataloging | eng |
| Transcribing agency | StDuBDS |
| Modifying agency | Uk |
| -- | EG-ScBUE |
| 082 04 - DEWEY DECIMAL CLASSIFICATION NUMBER | |
| Classification number | 620.00151 |
| Edition number | 22 |
| Item number | MOO |
| 100 1# - MAIN ENTRY--PERSONAL NAME | |
| Personal name | Moore, Holly. |
| 245 10 - TITLE STATEMENT | |
| Title | MATLAB for engineers / |
| Statement of responsibility, etc | Holly Moore. |
| 250 ## - EDITION STATEMENT | |
| Edition statement | 4rth ed., Global ed. |
| 260 ## - PUBLICATION, DISTRIBUTION, ETC. (IMPRINT) | |
| Place of publication, distribution, etc | Harlow : |
| Name of publisher, distributor, etc | Pearson Education Limited, |
| Date of publication, distribution, etc | c.2015. |
| 300 ## - PHYSICAL DESCRIPTION | |
| Extent | 670 p. : |
| Other physical details | ill. ; |
| Dimensions | 26 cm.. |
| 500 ## - GENERAL NOTE | |
| General note | Includes index. |
| 630 07 - SUBJECT ADDED ENTRY--UNIFORM TITLE | |
| Uniform title | MATLAB. |
| 9 (RLIN) | 826 |
| 650 #7 - SUBJECT ADDED ENTRY--TOPICAL TERM | |
| Topical term or geographic name as entry element | Engineering mathematics |
| General subdivision | Data processing. |
| Source of heading or term | BUEsh |
| 9 (RLIN) | 23898 |
| 650 #7 - SUBJECT ADDED ENTRY--TOPICAL TERM | |
| Topical term or geographic name as entry element | Numerical analysis |
| General subdivision | Data processing. |
| Source of heading or term | BUEsh |
| 9 (RLIN) | 11374 |
| 653 ## - INDEX TERM--UNCONTROLLED | |
| Resource For college | Engineering, General |
| Arrived date list | December2016 |
| 942 ## - ADDED ENTRY ELEMENTS (KOHA) | |
| Source of classification or shelving scheme | Dewey Decimal Classification |
| Withdrawn status | Item status | Source of classification or shelving scheme | Damaged status | Not for loan | Vendor | Home library | Current library | Shelving location | Date acquired | Source of acquisition | Cost, normal purchase price | Serial Enumeration / chronology | Total Checkouts | Total Renewals | Full call number | Barcode | Date last seen | Date last borrowed | Cost, replacement price | Koha item type |
|---|---|---|---|---|---|---|---|---|---|---|---|---|---|---|---|---|---|---|---|---|
| Dewey Decimal Classification | Alahram | Central Library | Central Library | First floor | 06/12/2016 | Purchase | 390.00 | 116 | 3 | 34 | 620.00151 MOO | 000040216 | 15/07/2025 | 20/12/2022 | 487.50 | Book - Borrowing |